000 nam a22 7a 4500
999 _c8422
_d8422
008 180116b ||||| |||| 00| 0 eng d
100 _94823
_aSOUZA.E.D ET AL
245 _aENGLISH HONYDEV WORK BOOK-8
260 _aMEERAT
_bARIHANT
_c2015